|
|
|
|
| LEADER |
00000nab a2200000 a 4500 |
| 001 |
vtls000401067 |
| 003 |
SK-MaSNL |
| 005 |
20260304235902.0 |
| 008 |
120924c1989 xo 0 slo |
| 015 |
|
|
|a SNBRA19rr/mm-uuuuu
|
| 035 |
|
|
|a CL0401191
|
| 040 |
|
|
|a SNKBUCL
|b slo
|c SNKBUCL
|e AACR2
|
| 041 |
0 |
|
|a slo
|
| 044 |
|
|
|a xo
|c SK
|
| 080 |
|
|
|a 621:658.512.2:681.3.06:744
|2 1981
|
| 080 |
|
|
|a 658.512.2
|2 1981
|
| 080 |
|
|
|a 681.3.06
|2 1981
|
| 080 |
|
|
|a 744
|2 1981
|
| 100 |
1 |
|
|a Čermák, Juraj
|4 aut
|9 758653
|
| 245 |
1 |
0 |
|a MODEL - systém geometrického modelovania a jeho využitie
|c Juraj Čermák
|
| 300 |
|
|
|b Sch. 3.
|
| 650 |
0 |
7 |
|a strojárstvo
|2 snkbucl
|9 674
|
| 650 |
0 |
7 |
|a geometrické modelovanie
|2 snkbucl
|9 1862
|
| 655 |
|
7 |
|a články zo zborníkov
|2 snkbucl
|9 166140
|
| 773 |
0 |
|
|t Zavádzanie automatizácie inžinierskych prác v strojárstve
|d Žilina : Dom techniky ČSVTS, 1989
|g S. 388-393
|
| 850 |
|
|
|a Slovenská národná knižnica v Martine
|a MTA001
|
| 852 |
|
|
|a SNK
|b KIS3GCP
|
| 958 |
|
|
|a RK
|
| 992 |
|
|
|a RZB
|
| 999 |
|
|
|c 3211071
|d 3213001
|